| 000 | 00000nam##2200000za#4500 |
| 001 | 9.565847 |
| 003 | CaOODSP |
| 005 | 20210624180015 |
| 007 | cr ||||||||||| |
| 008 | 150406|2001||||xxc|||||o f|0| 0 eng|d |
| 040 | |aCaOODSP|beng |
| 043 | |an-cn--- |
| 086 | 1 |aTU3-7/01-1E-PDF |
| 110 | 2 |aTransportation Safety Board of Canada. |
| 245 | 10|aFatal accident - container ship Alligator Victory, Deltaport, Vancouver, British Columbia, 09 January 2001 |h[electronic resource] |
| 260 | |bTransportation Safety Board of Canada |c[2002]. |
| 300 | |a11p.|billus., references, table, photographs |
| 490 | 1 |aMarine investigation report |vM01W0006 |
| 590 | |a10-05-Supp|b2010-07-20 |
| 690 | 07|aMarine accidents|2gcpds |
| 775 | 08|tAccident mortel à bord du porte-conteneurs Alligator Victory Deltaport, Vancouver (Colombie-Britannique), le 9 janvier 2001 |w(CaOODSP)9.597334 |
| 830 | #0|aMarine investigation report ;|vM01W0006|w(CaOODSP)9.504867 |
| 856 | 40|ahttp://publications.gc.ca|qPDF|s176 KB|uhttps://publications.gc.ca/collections/collection_2009/bst-tsb/TU3-7-01-1E.pdf|yM01W0006 |